书目信息 |
| 题名: |
汽车电路图识读与电路分析
|
|
| 作者: | 麻友良 , 游彩霞 主编 | |
| 分册: | ||
| 出版信息: | 北京 机械工业出版社 2020.6 |
|
| 页数: | 11,419页 | |
| 开本: | 26cm | |
| 丛书名: | ||
| 单 册: | ||
| 中图分类: | U463.6 | |
| 科图分类: | ||
| 主题词: | 汽车--电气设备--电路图--识图 , 汽车--电路分析 | |
| 电子资源: | ||
| ISBN: | 978-7-111-64997-7 | |
| 000 | 00929nam0 2200265 45 | |
| 001 | 012001002765 | |
| 005 | 20141008114046.0 | |
| 010 | @a978-7-111-64997-7@dCNY89.00 | |
| 100 | @a20201010d2020 em y0chiy50 ea | |
| 101 | 0 | @achi |
| 102 | @aCN@b110000 | |
| 105 | @aa z 000yy | |
| 106 | @ar | |
| 200 | 1 | @a汽车电路图识读与电路分析@Aqi che dian lu tu shi du yu dian lu fen xi@b专著@f麻友良,游彩霞主编 |
| 210 | @a北京@c机械工业出版社@d2020.6 | |
| 215 | @a11,419页@d26cm | |
| 300 | @a图解版 | |
| 330 | @a本书介绍了汽车电路图识读与电路分析的基础知识,总结了汽车各系统电路的特点及识图要点,然后讲解了汽车电器和电子控制装置的部件结构类型及典型电路的特点、故障诊断方法等。 | |
| 606 | 0 | @a汽车@x电气设备@x电路图@j识图 |
| 606 | 0 | @a汽车@x电路分析 |
| 690 | @aU463.6@v5 | |
| 701 | 0 | @a麻友良@Ama you liang@4主编 |
| 701 | 0 | @a游彩霞@Ayou cai xia@4主编 |
| 801 | 2 | @aCN@bBJSDL@c20211018 |
| 905 | @b1350311-4@dU463.6@e1102@f4 | |
| 汽车电路图识读与电路分析/麻友良,游彩霞主编.-北京:机械工业出版社,2020.6 |
| 11,419页;26cm |
| 图解版 |
| ISBN 978-7-111-64997-7:CNY89.00 |
| 本书介绍了汽车电路图识读与电路分析的基础知识,总结了汽车各系统电路的特点及识图要点,然后讲解了汽车电器和电子控制装置的部件结构类型及典型电路的特点、故障诊断方法等。 |
| ● |
| 相关链接 |
|
|
|
|
正题名:汽车电路图识读与电路分析
索取号:U463.6/1102
 
预约/预借
| 序号 | 登录号 | 条形码 | 馆藏地/架位号 | 状态 | 备注 |
| 1 | 1350311 | 213503118 | 第二样本阅览室/ [索取号:U463.6/1102] | 在馆 | |
| 2 | 1350312 | 213503127 | 第三借阅区/ [索取号:U463.6/1102] | 在馆 | |
| 3 | 1350313 | 213503136 | 第三借阅区/ [索取号:U463.6/1102] | 在馆 | |
| 4 | 1350314 | 213503145 | 第三借阅区/ [索取号:U463.6/1102] | 在馆 |